Curry style farm benchmarking (Record no. 69526)

MARC details
000 -LEADER
fixed length control field 01053cam a2200217 4500
001 - CONTROL NUMBER
control field WB3806-36
008 - FIXED-LENGTH DATA ELEMENTS--GENERAL INFORMATION
fixed length control field 020213n2002 000 0 eng u
035 ## - SYSTEM CONTROL NUMBER
System control number (Sirsi) u116723
245 ## - TITLE STATEMENT
Title Curry style farm benchmarking
260 ## - PUBLICATION, DISTRIBUTION, ETC.
Date of publication, distribution, etc. 2002
490 ## - SERIES STATEMENT
Series statement RICS Press Release
Volume/sequential designation (026) 13 February 2002, (2)
520 ## - SUMMARY, ETC.
Summary, etc. The latest RICS rural faculty "Farm benchmarking and business analysis manual" contains up to date benchmarking information on the major farming systems in England, as recommended by the Curry report. For the first time the manual includes data that may be considered appropriate at national rather than regional level. The manual can be obtained from the RICS rural faculty. Contact Kenneth Bartlett T +44(0)20 7222 7000. http://www.rics.org/ricscms/bin/show?class=PressRelease&template=/includes/showpr.html&id=669
590 ## - LOCAL NOTE (RLIN)
Local note WB
650 ## - SUBJECT ADDED ENTRY--TOPICAL TERM
Topical term or geographic name entry element CURRY REPORT
650 ## - SUBJECT ADDED ENTRY--TOPICAL TERM
Topical term or geographic name entry element BENCHMARKING
650 ## - SUBJECT ADDED ENTRY--TOPICAL TERM
Topical term or geographic name entry element RURAL ECONOMY
650 ## - SUBJECT ADDED ENTRY--TOPICAL TERM
Topical term or geographic name entry element RICS
650 ## - SUBJECT ADDED ENTRY--TOPICAL TERM
Topical term or geographic name entry element FARM BUSINESSES
690 ## - LOCAL SUBJECT ADDED ENTRY--TOPICAL TERM (OCLC, RLIN)
Topical term or geographic name as entry element RURAL-FARM BUSINESS MANAGEMENT
942 ## - ADDED ENTRY ELEMENTS (KOHA)
Suppress in OPAC 0
Holdings
Withdrawn status Lost status Source of classification or shelving scheme Damaged status Not for loan Home library Current library Shelving location Date acquired Total Checkouts Full call number Barcode Date last seen Copy number Price effective from Koha item type
    Dewey Decimal Classification     London London News article 13/02/2002   WB3806-36 116723-1001 06/08/2019 1 06/08/2019 News article